A Textbook of Engineering and General Geology / For B.E. (Civil, Mining, Metallurgy) (Record no. 121)
[ view plain ]
| 000 -LEADER | |
|---|---|
| fixed length control field | 00389cam a2200133ua 4500 |
| 082 ## - DEWEY DECIMAL CLASSIFICATION NUMBER | |
| Classification number | 551.0162 |
| Item number | PAR/TE |
| 100 ## - MAIN ENTRY--AUTHOR NAME | |
| Personal name | Parbin, Singh . |
| 245 ## - TITLE STATEMENT | |
| Title | A Textbook of Engineering and General Geology / For B.E. (Civil, Mining, Metallurgy) |
| 250 ## - EDITION STATEMENT | |
| Edition statement | 4 / 8 th |
| 260 ## - PUBLICATION, DISTRIBUTION, ETC. (IMPRINT) | |
| Place of publication | New Delhi : |
| Name of publisher | S.K. kataria & Sons |
| Year of publication | 2014 |
| 300 ## - PHYSICAL DESCRIPTION | |
| Number of Pages | 525 ; . |
| 490 ## - SERIES STATEMENT | |
| Series statement | Katson Educational Series |
| 942 ## - ADDED ENTRY ELEMENTS (KOHA) | |
| Koha item type | Books |
| Withdrawn status | Lost status | Damaged status | Home library | Current library | Date acquired | Full call number | Accession Number | Koha item type | Collection code | Shelving location | Source of acquisition | Cost, normal purchase price |
|---|---|---|---|---|---|---|---|---|---|---|---|---|
| KAUAET | 07/04/2012 | 551 | 19265 | Books | ||||||||
| KAUAET | KAUAET | 07/07/2016 | 551.0162 PAR/TE | 24949 | Books | General Stacks | Aman Book Stall, Calicut | 350.00 |
